Mineralization associated with a magnetic anomaly in part of the Ely quadrangle, Nevada, (Record no. 29903)

MARC details
000 -LEADER
fixed length control field 00832cam a22002531 4500
001 - CONTROL NUMBER
control field gs 64000334
003 - CONTROL NUMBER IDENTIFIER
control field DLC
005 - DATE AND TIME OF LATEST TRANSACTION
control field 20260227111415.0
008 - FIXED-LENGTH DATA ELEMENTS--GENERAL INFORMATION
fixed length control field 770816s1962 xx 000 0 eng
010 ## - LIBRARY OF CONGRESS CONTROL NUMBER
LC control number gs 64000334
035 ## - SYSTEM CONTROL NUMBER
System control number (OCoLC)3190605
040 ## - CATALOGING SOURCE
Original cataloging agency DLC
Transcribing agency TxEU
Modifying agency DLC
042 ## - AUTHENTICATION CODE
Authentication code premarc
050 00 - LIBRARY OF CONGRESS CALL NUMBER
Classification number QE75
Item number .C5 no. 475
100 1# - MAIN ENTRY--PERSONAL NAME
Personal name Brokaw, Arnold Leslie,
Dates associated with a name 1911-
245 10 - TITLE STATEMENT
Title Mineralization associated with a magnetic anomaly in part of the Ely quadrangle, Nevada,
Statement of responsibility, etc. by Arnold L. Brokaw [and others]
260 ## - PUBLICATION, DISTRIBUTION, ETC.
Place of publication, distribution, etc. Washington,
Date of publication, distribution, etc. 1962.
300 ## - PHYSICAL DESCRIPTION
Extent 7 p.
Other physical details maps.
Dimensions 27 cm.
490 0# - SERIES STATEMENT
Series statement U. S. Geological Survey. Circular 475
650 #0 - SUBJECT ADDED ENTRY--TOPICAL TERM
Topical term or geographic name entry element Petrology
Geographic subdivision Nevada
-- Egan Range.
650 #0 - SUBJECT ADDED ENTRY--TOPICAL TERM
Topical term or geographic name entry element Magnetic anomalies
Geographic subdivision Nevada
-- Egan Range.
650 #0 - SUBJECT ADDED ENTRY--TOPICAL TERM
Topical term or geographic name entry element Ore deposits
Geographic subdivision Nevada
-- Egan Range.
740 0# - ADDED ENTRY--UNCONTROLLED RELATED/ANALYTICAL TITLE
Uncontrolled related/analytical title Ely quadrangle, Nevada.

No items available.

Powered by Koha